Normal view
MARC view
- Grover, Verinder,Arora, Ranjana
Entry Personal Name
001 - CONTROL NUMBER
- control field: 79875
003 - CONTROL NUMBER IDENTIFIER
- control field: NUST
005 - DATE AND TIME OF LATEST TRANSACTION
- control field: 20210628210538.0
008 - FIXED-LENGTH DATA ELEMENTS
- fixed length control field: 210628|| aca||aabn | a|a d
040 ## - CATALOGING SOURCE
- Original cataloging agency: NUST
- Transcribing agency: NUST
100 ## - HEADING--PERSONAL NAME
- Personal name: Grover, Verinder,Arora, Ranjana
670 ## - SOURCE DATA FOUND
- Source citation: Work cat.: (NUST): Grover, Verinder,Arora, Ranjana, Pakistan fifty years of independence, 1997
